Top Men's Tennis Player from Each Country by Picture - Statistics

General Stats
  • This quiz has been taken 367 times
    32 since last reset
  • The average score is 24 of 102
Answer Stats
Picture Hint Answer % Correct
Serbia ๐Ÿ‡ท๐Ÿ‡ธ (#4) Novak Djokovic
100%
Spain ๐Ÿ‡ช๐Ÿ‡ธ (#1) Carlos Alcaraz
97%
Italy ๐Ÿ‡ฎ๐Ÿ‡น (#2) Jannik Sinner
97%
Germany ๐Ÿ‡ฉ๐Ÿ‡ช (#3) Alexander Zverev
91%
USA ๐Ÿ‡บ๐Ÿ‡ธ (#5) Taylor Fritz
88%
Australia ๐Ÿ‡ฆ๐Ÿ‡บ (#8) Alex de Minaur
81%
Denmark ๐Ÿ‡ฉ๐Ÿ‡ฐ (#11) Holger Rune
81%
UK ๐Ÿ‡ฌ๐Ÿ‡ง (#7) Jack Draper
78%
Greece ๐Ÿ‡ฌ๐Ÿ‡ท (#27) Stefanos Tsitsipas
78%
Kazakhstan ๐Ÿ‡ฆ๐Ÿ‡ท (#19) Alexander Bublik
75%
France ๐Ÿ‡ซ๐Ÿ‡ท (#23) Arthur Fils
75%
Norway ๐Ÿ‡ณ๐Ÿ‡ด (#12) Casper Ruud
75%
Canada ๐Ÿ‡จ๐Ÿ‡ฆ (#13) Felix Auger-Aliassime
75%
Argentina ๐Ÿ‡ฆ๐Ÿ‡ท (#21) Francisco Cerundolo
75%
Bulgaria ๐Ÿ‡ง๐Ÿ‡ฌ (#28) Grigor Dimitrov
75%
Russia ๐Ÿ‡ท๐Ÿ‡บ (#10) Karen Khachanov
75%
China ๐Ÿ‡จ๐Ÿ‡ณ (#74) Yunchaokete Bu
75%
Brazil ๐Ÿ‡ง๐Ÿ‡ท (#42) Joao Fonseca
69%
Croatia ๐Ÿ‡ญ๐Ÿ‡ท (#60) Marin ฤŒiliฤ‡
69%
Switzerland ๐Ÿ‡จ๐Ÿ‡ญ (#149) Stan Wawrinka
69%
Netherlands ๐Ÿ‡ณ๐Ÿ‡ฑ (#31) Tallon Griekspoor
69%
Czech Republic ๐Ÿ‡จ๐Ÿ‡ฟ (#15) Jiล™รญ Leheฤka
66%
Japan ๐Ÿ‡ฏ๐Ÿ‡ต (#93) Kei Nishikori
63%
Portugal ๐Ÿ‡ต๐Ÿ‡น (#52) Nuno Borges
53%
Belgium ๐Ÿ‡ง๐Ÿ‡ช (#46) Zizou Bergs
53%
Bosnia & Herzegovina ๐Ÿ‡ง๐Ÿ‡ฆ (#68) Damir Dลพumhur
50%
Sweden ๐Ÿ‡ธ๐Ÿ‡ช (#243) Elias Ymer
41%
Chile ๐Ÿ‡จ๐Ÿ‡ฑ (#101) Nicholas Jarry
41%
Monaco ๐Ÿ‡ฒ๐Ÿ‡จ (#205) Valentin Vacherot
41%
Georgia ๐Ÿ‡ฌ๐Ÿ‡ช (#111) Nikoloz Basilashvili
34%
South Africa ๐Ÿ‡ฟ๐Ÿ‡ฆ (#255) Lloyd Harris
31%
India ๐Ÿ‡ฎ๐Ÿ‡ณ (#290) Sumit Nagal
25%
Bolivia ๐Ÿ‡ง๐Ÿ‡ด (#122) Hugo Dellien
22%
Poland ๐Ÿ‡ต๐Ÿ‡ฑ (#62) Kamil Majchrzak
22%
Finland ๐Ÿ‡ซ๐Ÿ‡ฎ (#141) Otto Virtanen
22%
South Korea ๐Ÿ‡ฐ๐Ÿ‡ท (#379) Chung Hyeon
19%
Colombia ๐Ÿ‡จ๐Ÿ‡ด (#131) Daniel Elahi Galรกn
19%
Lebanon ๐Ÿ‡ฑ๐Ÿ‡ง (#172) Hady Habib
19%
Hong Kong ๐Ÿ‡ญ๐Ÿ‡ฐ (#148) Coleman Wong
16%
Peru ๐Ÿ‡ต๐Ÿ‡ช (#112) Ignacio Buse
13%
Estonia ๐Ÿ‡ช๐Ÿ‡ช (#156) Mark Lajal
13%
Ivory Coast ๐Ÿ‡จ๐Ÿ‡ฎ (#289) Eliakim Coulibaly
9%
Austria ๐Ÿ‡ฆ๐Ÿ‡น (#94) Filip Misolic
9%
Moldova ๐Ÿ‡ฒ๐Ÿ‡ฉ (#500) Radu Albot
9%
Lithuania ๐Ÿ‡ฑ๐Ÿ‡น (#163) Vilius Gaubas
9%
Jordan ๐Ÿ‡ฏ๐Ÿ‡ด (#375) Abdullah Shelbayh
6%
Slovakia ๐Ÿ‡ธ๐Ÿ‡ฐ (#121) Lukas Klein
6%
Latvia ๐Ÿ‡ฑ๐Ÿ‡ป (#339) Robert Strombachs
6%
Mexico ๐Ÿ‡ฒ๐Ÿ‡ฝ (#211) Rodrigo Pacheco Mendez
6%
Paraguay ๐Ÿ‡ต๐Ÿ‡พ (#271) Adolfo Daniel Vallejo
3%
Ecuador ๐Ÿ‡ช๐Ÿ‡จ (#237) Alvaro Guillen Meza
3%
Luxembourg ๐Ÿ‡ฑ๐Ÿ‡บ (#174) Chris Rodesch
3%
Hungary ๐Ÿ‡ญ๐Ÿ‡บ (#56) Fabian Marosazn
3%
Romania ๐Ÿ‡ท๐Ÿ‡ด (#264) Filip Cristian Jianu
3%
Uruguay ๐Ÿ‡บ๐Ÿ‡พ (#372) Franco Roncadelli
3%
Thailand ๐Ÿ‡น๐Ÿ‡ญ (#353) Kasidit Samrej
3%
Tunisia ๐Ÿ‡น๐Ÿ‡ณ (#175) Moez Echargui
3%
Dominican Republic ๐Ÿ‡ฉ๐Ÿ‡ด (#337) Roberto Cid Subervi
3%
Taiwan ๐Ÿ‡น๐Ÿ‡ผ (#120) Tseng Chun-hsin
3%
Ukraine ๐Ÿ‡บ๐Ÿ‡ฆ (#224) Vitaly Sachko
3%
Kuwait ๐Ÿ‡ฐ๐Ÿ‡ผ (#T1,999) Abdulhamid Mubarak
0%
Libya ๐Ÿ‡ฑ๐Ÿ‡พ (#T2,062) Ahmed Mouhan
0%
New Zealand ๐Ÿ‡ณ๐Ÿ‡ฟ (#555) Ajeet Rai
0%
Philippines ๐Ÿ‡ต๐Ÿ‡ญ (#T1,402) Alberto Lim
0%
Puerto Rico ๐Ÿ‡ต๐Ÿ‡ท (#T1,999) Alexander Bravo
0%
Iran ๐Ÿ‡ฎ๐Ÿ‡ท (#684) Ali Yazdani
0%
Saudi Arabia ๐Ÿ‡ธ๐Ÿ‡ฆ (#T1,368) Ammar Alhogbani
0%
Zimbabwe ๐Ÿ‡ฟ๐Ÿ‡ผ (#807) Benjamin Lock
0%
Jamaica ๐Ÿ‡ฏ๐Ÿ‡ฒ (#599) Blaise Bicknell
0%
Slovenia ๐Ÿ‡ธ๐Ÿ‡ฎ (#486) Bor Artnak
0%
Mozambique ๐Ÿ‡ฒ๐Ÿ‡ฟ (#T1,815) Bruno Nhavene
0%
El Salvador ๐Ÿ‡ธ๐Ÿ‡ป (#T1,400) Cesar Cruz
0%
Nigeria ๐Ÿ‡ณ๐Ÿ‡ฌ (#T1,625) Christopher Bulus
0%
Northern Mariana Islands ๐Ÿ‡ฒ๐Ÿ‡ต (#728) Colin Sinclair
0%
Angola ๐Ÿ‡ฆ๐Ÿ‡ด (#T1,860) Daniel Domingos
0%
Bermuda ๐Ÿ‡ง๐Ÿ‡ฒ (#T1,502) Daniel Phillips
0%
Armenia ๐Ÿ‡ฆ๐Ÿ‡ฒ (#983) Daniil Sarksian
0%
Belarus ๐Ÿ‡ง๐Ÿ‡พ (#548) Egor Gerasimov
0%
Egypt ๐Ÿ‡ช๐Ÿ‡ฌ (#541) Fares Zakaria
0%
Venezuela ๐Ÿ‡ป๐Ÿ‡ช (#389) Gonzalo Oliveira
0%
Burundi ๐Ÿ‡ง๐Ÿ‡ฎ (#T1,116) Guy Orly Iradukunda
0%
Syria ๐Ÿ‡ธ๐Ÿ‡พ (#946) Hazem Naw
0%
Ghana ๐Ÿ‡ฌ๐Ÿ‡ญ (#T1,806) Isaac Nortey
0%
Costa Rica ๐Ÿ‡จ๐Ÿ‡ท (#1,035) Jesse Flores
0%
Nicaragua ๐Ÿ‡ณ๐Ÿ‡ฎ (#T1,328) Joaquin Guilleme
0%
Burkina Faso ๐Ÿ‡ง๐Ÿ‡ซ (#T1,815) Joel Meda
0%
The Bahamas ๐Ÿ‡ง๐Ÿ‡ธ (#T1,770) Justin Roberts
0%
Guatemala ๐Ÿ‡ฌ๐Ÿ‡น (#T1,733) Kaeri Hernandez Mariona
0%
North Macedonia ๐Ÿ‡ฒ๐Ÿ‡ฐ (#800) Kalin Ivanovski
0%
Uzbekistan ๐Ÿ‡บ๐Ÿ‡ฟ (#402) Khumoyun Sultanov
0%
Cyprus ๐Ÿ‡จ๐Ÿ‡พ (#871) Menelaos Efstathiou
0%
Ireland ๐Ÿ‡ฎ๐Ÿ‡ช (#522) Michael Agwi
0%
Malaysia ๐Ÿ‡ฒ๐Ÿ‡พ (#647) Mitsuki Wei Kang Leong
0%
Algeria ๐Ÿ‡ฉ๐Ÿ‡ฟ (#921) Mohamed Nazim Makhlouf
0%
Indonesia ๐Ÿ‡ฎ๐Ÿ‡ฉ (#938) M Rifki Fitriadi
0%
Israel ๐Ÿ‡ฎ๐Ÿ‡ฑ (#787) Orel Kimhi
0%
Guadeloupe ๐Ÿ‡ฌ๐Ÿ‡ต (#T1,658) Oscar Lacides
0%
Montenegro ๐Ÿ‡ฒ๐Ÿ‡ช (#T1,502) Petar Jovanovic
0%
Senegal ๐Ÿ‡ธ๐Ÿ‡ณ (#958) Seydina Andre
0%
Barbados ๐Ÿ‡ง๐Ÿ‡ง (#T1,815) Stephen Slocombe
0%
Morocco ๐Ÿ‡ฒ๐Ÿ‡ฆ (#699) Taha Baadi
0%
Turkey ๐Ÿ‡น๐Ÿ‡ท (#433) Yankฤฑ Erel
0%
No matching quizzes found
Score Distribution
Percent of People with Each Score
Percentile by Number Answered
Your Score History
You have not taken this quiz since the last reset